Patologías de la imagen.
Saved in:
| Hovedforfatter: | |
|---|---|
| Format: | Bog |
| Udgivet: |
Barcelona, España:
Anagrama,
2005.
|
| Udgivelse: | Segunda edición. |
| Serier: | Colección Argumentos ;
|
| Fag: | |
| Tags: |
Tilføj Tag
Ingen Tags, Vær først til at tagge denne postø!
|
MARC
| LEADER | 00000nam a22000007a 4500 | ||
|---|---|---|---|
| 003 | CL-VaPUC | ||
| 005 | 20250321101928.0 | ||
| 008 | 250121t2005 ||||| |||| 00| 0 spa d | ||
| 999 | |c 446700 |d 446698 | ||
| 020 | |a 84-339-6211-6 | ||
| 040 | |c Pontificia Universidad Católica de Valparaíso | ||
| 082 | 7 | |a 701.1 GUB 2005 |2 22 | |
| 100 | |a Gubern, Román |9 495808 |e autor | ||
| 245 | |a Patologías de la imagen. | ||
| 250 | |a Segunda edición. | ||
| 260 | |a Barcelona, España: |b Anagrama, |c 2005. | ||
| 300 | |a 359 páginas : |b ilustraciones | ||
| 490 | |a Colección Argumentos ; |n 317. | ||
| 500 | |a c.1-c.2. Instituto Arcos 8-1-2025. | ||
| 583 | |c 20250121 |k GC | ||
| 650 | |a Imagen |x Aspectos sociales |9 895663 | ||
| 650 | 0 | |a Semiótica y arte |9 564212 | |
| 942 | |2 ddc |c BK |n 0 | ||
| 952 | |0 0 |1 0 |2 ddc |4 0 |6 701_100000000000000_GUB_2005 |7 0 |8 A |9 599632 |a BIBINC |b BIBINC |d 2025-01-21 |e Instituto Arcos |i 5664616 |o 701.1 GUB 2005 |p 5664616 |r 2025-01-21 |t 1 |w 2025-01-21 |y BK |k IFP | ||
| 952 | |0 0 |1 0 |2 ddc |4 0 |6 701_100000000000000_GUB_2005 |7 0 |8 A |9 599633 |a BIBINC |b BIBINC |d 2025-01-21 |e Instituto Arcos |i 5664617 |o 701.1 GUB 2005 |p 5664617 |r 2025-01-21 |t 2 |w 2025-01-21 |y BK |k IFP | ||